Už se nebojím : jak se zbavit strachu /

Hlavní autor: Powell, Graham
Další autoři: Limrová, Karolina, 1979-
Jazyk: Čeština
Vydáno: Praha : KMS, 2015
Vydání: První vydání
Témata:
Fyzický popis: 133 stran ; 19 cm
Knihy
Uloženo v:
LEADER 02280nam a2200649 i 4500
001 nkc20152731502
003 CZ PrNK
005 20160906102900.0
007 ta
008 150917s2015 xr e f 000 0 cze
015 |a cnb002731502 
020 |a 978-80-87904-45-9  |q (brožováno) 
035 |a (OCoLC)928740442 
040 |a OLA001  |b cze  |d ABA001  |e rda 
041 1 |a cze  |h eng 
072 7 |a 27-4  |x Praktická teologie. Morální teologie  |2 Konspekt  |9 5 
080 |a 159.942  |2 MRF 
080 |a 159.974  |2 MRF 
080 |a 27-468.6  |2 MRF 
080 |a 27-4  |2 MRF 
080 |a 159.923.2  |2 MRF 
080 |a 27  |2 MRF 
080 |a 27-277.2  |2 MRF 
080 |a (0.062)  |2 MRF 
100 1 |a Powell, Graham  |7 pna2015886438  |4 aut 
240 1 0 |a Fear free.  |l Česky 
245 1 0 |a Už se nebojím :  |b jak se zbavit strachu /  |c Graham Powell 
246 3 0 |a Jak se zbavit strachu 
250 |a První vydání 
264 1 |a Praha :  |b KMS,  |c 2015 
300 |a 133 stran ;  |c 19 cm 
336 |a text  |b txt  |2 rdacontent 
337 |a bez média  |b n  |2 rdamedia 
338 |a svazek  |b nc  |2 rdacarrier 
500 |a Z angličtiny přeložila Karolina Limrová 
500 |a Terminologický slovník 
650 0 7 |a strach  |7 ph117268  |2 czenas 
650 0 7 |a psychická traumata  |7 ph124784  |2 czenas 
650 0 7 |a křesťanský život  |7 ph122132  |2 czenas 
650 0 7 |a uzdravování  |7 ph126963  |x křesťanské pojetí  |2 czenas 
650 0 7 |a sebepřijímání  |7 ph210489  |x křesťanské pojetí  |2 czenas 
650 0 7 |a biblické citáty  |7 ph118853  |2 czenas 
650 0 9 |a fear  |2 eczenas 
650 0 9 |a psychic trauma  |2 eczenas 
650 0 9 |a Christian life  |2 eczenas 
650 0 9 |a healing  |x Christian approach  |2 eczenas 
650 0 9 |a self-acceptance  |x Christian approach  |2 eczenas 
650 0 9 |a Biblical quotations  |2 eczenas 
655 7 |a populárně-naučné publikace  |7 fd131864  |2 czenas 
655 9 |a popular works  |2 eczenas 
700 1 |a Limrová, Karolina,  |d 1979-  |7 xx0134716  |4 trl 
910 2 |a BOA001  |b 1-1354.204 
990 |a BK 
995 |a 01 
991 |b 201509  |c NOV  |e n 
996 6 |b 2610644797  |c 1-1354.204  |l MZK  |r Sklad / do 1 hodiny  |n 0  |p p.v.  |w 001524862  |u 000010  |a 1  |e BOA001  |j MZK50  |s P 
996 7 |b 2610668462  |c 1-1354.204  |l MZK  |r Sklad / do 1 hodiny  |n 2  |p dar  |w 001524862  |u 000020  |a 1  |e BOA001  |j MZK50  |s A